000 00706nam a2200301Ia 4500
005 20260401122449.0
008 008 250103s9999 xx 000 0 eng d
020 _a9783034317603
037 _aTB
040 _aEDL
040 _beng
040 _cEDL
041 _2eng
041 _aeng
084 _a891.44CHA
084 _qEDL
100 _aChaudhuri, Rosinka
_9850275
245 4 _aThe Literary Thing : History, Poetry and the making of a Modern cultural sphere
245 0 _cChaudhuri, Rosinka
260 _aOxford
260 _bPeterLang
260 _c2013
300 _a332p
942 _cTB
942 _h891.44CHA
999 _c1847447
_d1847447